000
00161 a2200085 4500
020
_a
9786074440102
041
_a
spa
245
_a
El libro de la selva
942
_c
BK
999
_c
30923
_d
30921